[Event "Titled Tuesday intern op 06th Feb Early"]
[Site "Chess.com INT"]
[Date "2024.02.06"]
[Round "5"]
[White "Subervi Nunez, Jonathan Sigfredo"]
[Black "Johnson, Ben"]
[Result "1-0"]
[WhiteElo "2034"]
[BlackElo "1967"]
[PlyCount "45"]
[EventDate "2024.02.06"]
[EventType "swiss (blitz)"]
[EventRounds "11"]
[EventCountry "USA"]
[SourceTitle "CB07_2024"]
[SourceDate "2024.02.14"]
[SourceVersion "1"]
[SourceVersionDate "2024.02.14"]
[SourceQuality "1"]

1. e4 c5 2. c3 d5 3. exd5 Nf6 4. d4 Nxd5 5. dxc5 e5 6. Bc4 Be6 7. Qb3 Nf4 8. Bxf4 Bxc4 9. Qxc4 exf4 10. Nd2 Nc6 11. 0-0-0 Qa5 12. Ne4 Be7 13. Nf3 0-0 14. Rd7 Rac8 15. Rxb7 Kh8 16. Neg5 Bxg5 17. Nxg5 Ne5 18. Qe4 Ng6 19. Nxf7+ Kg8 20. Qe6 Rce8 21. Nh6+ Kh8 22. Qg8+ Rxg8 23. Nf7# 1-0

[Event "Titled Tuesday intern op 26th Sep Early"]
[Site "Chess.com INT"]
[Date "2023.09.26"]
[Round "7"]
[White "Campos, Maria Jose"]
[Black "Johnson, Ben"]
[Result "1-0"]
[WhiteElo "2206"]
[BlackElo "1967"]
[PlyCount "75"]
[EventDate "2023.09.26"]
[EventType "swiss (blitz)"]
[EventRounds "11"]
[EventCountry "USA"]
[SourceTitle "EXT 2024"]
[Source "ChessBase"]
[SourceDate "2023.10.10"]
[SourceVersion "1"]
[SourceVersionDate "2023.10.10"]
[SourceQuality "1"]

1. Nf3 d5 2. g3 c6 3. d4 Bg4 4. Bg2 Nf6 5. 0-0 Nbd7 6. Nbd2 e6 7. c4 Be7 8. b3 0-0 9. a4 a5 10. Ba3 Bxa3 11. Rxa3 c5 12. cxd5 exd5 13. h3 Bf5 14. Nh4 Be6 15. Nhf3 Ne4 16. Ra1 Nc3 17. Qe1 Re8 18. e3 Ne4 19. Rc1 b6 20. Nh2 Bf5 21. Ndf3 Qb8 22. Qe2 h6 23. Rfd1 Nef6 24. Nf1 Be4 25. N1d2 Bf5 26. Nb1 Qd6 27. Nc3 Be6 28. Nb5 Qb8 29. Nh4 Nf8 30. dxc5 Ne4 31. c6 Qc8 32. Kh2 Rd8 33. Nf3 Nd6 34. Nfd4 Nf5 35. Nxf5 Bxf5 36. Rd2 Ne6 37. Rcd1 Nc5 38. Rxd5 1-0

[Event "Titled Tuesday intern op 26th Sep Early"]
[Site "Chess.com INT"]
[Date "2023.09.26"]
[Round "2"]
[White "Vlassov, Nikolai"]
[Black "Johnson, Ben"]
[Result "1-0"]
[WhiteElo "2283"]
[BlackElo "1967"]
[PlyCount "83"]
[EventDate "2023.09.26"]
[EventType "swiss (blitz)"]
[EventRounds "11"]
[EventCountry "USA"]
[SourceTitle "EXT 2024"]
[Source "ChessBase"]
[SourceDate "2023.10.10"]
[SourceVersion "1"]
[SourceVersionDate "2023.10.10"]
[SourceQuality "1"]

1. e4 c5 2. c3 Nf6 3. e5 Nd5 4. d4 cxd4 5. cxd4 Nc6 6. Nc3 Nxc3 7. bxc3 d6 8. f4 g6 9. Nf3 Bg4 10. d5 Nb8 11. Qa4+ Bd7 12. Qb3 Na6 13. Bxa6 bxa6 14. 0-0 Rb8 15. Qa3 Bg7 16. Be3 Bb5 17. Rfd1 0-0 18. Bxa7 Rc8 19. Bd4 Rc4 20. Rac1 Ra4 21. Qb2 Be2 22. Qxe2 Qa5 23. Rc2 Qxd5 24. c4 Qa5 25. exd6 exd6 26. Bxg7 Kxg7 27. h4 Rc8 28. Kh2 Qf5 29. Kg3 Ra3 30. Rdd2 h5 31. Kf2 Qxf4 32. Rd3 Ra5 33. Qe3 Qf5 34. Qd4+ Kh7 35. Qxd6 Re8 36. Qd4 Rae5 37. Rcd2 Re4 38. Qd5 Qf6 39. Qg5 Qb6+ 40. c5 Qa5 41. Qd5 R4e5 42. Nxe5 1-0

[Event "Titled Tuesday intern op 12th Sep Early"]
[Site "Chess.com INT"]
[Date "2023.09.12"]
[Round "4"]
[White "Player, Edmund C"]
[Black "Johnson, Ben"]
[Result "1-0"]
[WhiteElo "2199"]
[BlackElo "1967"]
[PlyCount "95"]
[EventDate "2023.09.12"]
[EventType "swiss (blitz)"]
[EventRounds "11"]
[EventCountry "USA"]
[SourceTitle "EXT 2024"]
[Source "ChessBase"]
[SourceDate "2023.10.10"]
[SourceVersion "1"]
[SourceVersionDate "2023.10.10"]
[SourceQuality "1"]

1. e4 c5 2. Nf3 g6 3. c4 Bg7 4. d4 cxd4 5. Nxd4 Nc6 6. Be3 Nf6 7. Nc3 0-0 8. Be2 b6 9. 0-0 Bb7 10. Nc2 Rc8 11. b3 d6 12. Qd2 Re8 13. Rad1 Ne5 14. f3 Qc7 15. h3 Qb8 16. f4 Ned7 17. Bf3 a5 18. Rde1 Nc5 19. Bf2 Qa8 20. Nd5 Nxd5 21. cxd5 Ba6 22. Bxc5 bxc5 23. Be2 Bxe2 24. Qxe2 a4 25. Ne3 axb3 26. axb3 Qb7 27. Rb1 Ra8 28. Nc4 Qb4 29. Qf3 Reb8 30. e5 dxe5 31. fxe5 Ra2 32. Qxf7+ Kh8 33. Qxe7 Qc3 34. Qxc5 Bxe5 35. Rf8+ Kg7 36. Qe7+ Kh6 37. Qh4+ Kg7 38. Qe7+ Kh6 39. Rxb8 Qd4+ 40. Kh1 Bxb8 41. Qf8+ Kh5 42. Qxb8 Qe4 43. Qe5+ Qxe5 44. Nxe5 Re2 45. Nf3 Re3 46. Rd1 Rd3 47. Rxd3 g5 48. d6 1-0

[Event "Titled Tuesday intern op 22nd Aug Early"]
[Site "Chess.com INT"]
[Date "2023.08.22"]
[Round "3"]
[White "Bogaudinov, Rushan"]
[Black "Johnson, Ben"]
[Result "1-0"]
[WhiteElo "1853"]
[BlackElo "1961"]
[PlyCount "85"]
[EventDate "2023.08.22"]
[EventType "swiss (blitz)"]
[EventRounds "11"]
[EventCountry "USA"]
[SourceTitle "EXT 2024"]
[Source "ChessBase"]
[SourceDate "2023.10.10"]
[SourceVersion "1"]
[SourceVersionDate "2023.10.10"]
[SourceQuality "1"]

1. d4 Nf6 2. Nf3 d5 3. g3 c5 4. Bg2 e6 5. 0-0 Nc6 6. c3 Be7 7. dxc5 Bxc5 8. b4 Bd6 9. a3 a6 10. Bb2 0-0 11. Nbd2 e5 12. Qc2 e4 13. Nd4 Bg4 14. h3 Nxd4 15. cxd4 Bxe2 16. Rfc1 Rc8 17. Qb3 b5 18. Nf1 Bc4 19. Qd1 h5 20. Ne3 h4 21. g4 Bf4 22. a4 Bd3 23. Rc5 Rxc5 24. bxc5 Qc7 25. axb5 Bxb5 26. Bc3 Nh7 27. Nxd5 Qb8 28. Bxe4 Ng5 29. Bg2 Bh2+ 30. Kh1 Kh8 31. Qd2 f6 32. f4 Bc6 33. Kxh2 Ne6 34. Rf1 Qb7 35. Nb4 Bxg2 36. Qxg2 Qb5 37. Re1 Qc4 38. Nd5 Rd8 39. Rxe6 Rxd5 40. Re8+ Kh7 41. Qe4+ g6 42. Qe7+ Kh6 43. Rh8# 1-0

[Event "Titled Tuesday intern op 15th Aug Early"]
[Site "Chess.com INT"]
[Date "2023.08.15"]
[Round "8"]
[White "Johnson, Ben"]
[Black "Sovetbekova, Nurai"]
[Result "1-0"]
[WhiteElo "1961"]
[BlackElo "1803"]
[PlyCount "35"]
[EventDate "2023.08.15"]
[EventType "swiss (blitz)"]
[EventRounds "11"]
[EventCountry "USA"]
[SourceTitle "EXT 2024"]
[Source "ChessBase"]
[SourceDate "2023.10.10"]
[SourceVersion "1"]
[SourceVersionDate "2023.10.10"]
[SourceQuality "1"]

1. Nf3 d5 2. e3 Nf6 3. c4 dxc4 4. Bxc4 e6 5. d4 Be7 6. 0-0 0-0 7. Nc3 Nd5 8. e4 Nxc3 9. bxc3 c5 10. Be3 Nc6 11. d5 Na5 12. Be2 exd5 13. exd5 b6 14. Qd2 Bf6 15. Rab1 Bf5 16. Rb5 Qd7 17. Bxc5 bxc5 18. Rxa5 1-0

[Event "Titled Tuesday intern op 25th Jul Early"]
[Site "Chess.com INT"]
[Date "2023.07.25"]
[Round "3"]
[White "Berezin, Viktor1111"]
[Black "Johnson, Ben"]
[Result "1-0"]
[WhiteElo "2307"]
[BlackElo "1961"]
[PlyCount "51"]
[EventDate "2023.07.25"]
[EventType "swiss (blitz)"]
[EventRounds "11"]
[EventCountry "USA"]
[SourceTitle "EXT 2024"]
[Source "ChessBase"]
[SourceDate "2023.10.10"]
[SourceVersion "1"]
[SourceVersionDate "2023.10.10"]
[SourceQuality "1"]

1. d4 Nf6 2. Nf3 d5 3. c4 e6 4. g3 dxc4 5. Qa4+ Bd7 6. Qxc4 Bd6 7. Bg2 Bc6 8. 0-0 Nbd7 9. Nc3 0-0 10. Bg5 h6 11. Bxf6 Nxf6 12. Rfe1 Ne4 13. Rac1 Nxc3 14. bxc3 Qe8 15. e4 Bb5 16. Qb3 e5 17. Qb2 Ba6 18. Bf1 Qa4 19. Bxa6 Qxa6 20. Qb3 Rfe8 21. Rb1 b6 22. Nh4 g6 23. Nxg6 Qd3 24. Rbd1 Qa6 25. dxe5 Bxe5 26. Rd7 1-0

[Event "Titled Tuesday intern op 18th Jul Early"]
[Site "Chess.com INT"]
[Date "2023.07.18"]
[Round "2"]
[White "Johnson, Ben"]
[Black "Vivas Zamora, Fabian Ernesto"]
[Result "0-1"]
[WhiteElo "1961"]
[BlackElo "2346"]
[PlyCount "56"]
[EventDate "2023.07.18"]
[EventType "swiss (blitz)"]
[EventRounds "11"]
[EventCountry "USA"]
[SourceTitle "EXT 2024"]
[Source "ChessBase"]
[SourceDate "2023.10.10"]
[SourceVersion "1"]
[SourceVersionDate "2023.10.10"]
[SourceQuality "1"]

1. Nf3 Nf6 2. c4 g6 3. b3 Bg7 4. Bb2 0-0 5. g3 Nc6 6. Bg2 d5 7. 0-0 d4 8. d3 e5 9. Nbd2 Re8 10. Ng5 a5 11. a3 Nd7 12. h4 h6 13. Ngf3 Nc5 14. Rb1 Bf5 15. Nh2 Qd7 16. Re1 e4 17. dxe4 Nxe4 18. Nxe4 Bxe4 19. Nf3 Bxb1 20. Qxb1 Rad8 21. Qd3 Ne7 22. b4 axb4 23. axb4 Qf5 24. Nxd4 Qxd3 25. exd3 Bxd4 26. Bc1 Nf5 27. Rxe8+ Rxe8 28. Bxb7 Re1+ 0-1

[Event "Titled Tuesday intern op 11th Jul Early"]
[Site "Chess.com INT"]
[Date "2023.07.11"]
[Round "10"]
[White "Blokhin, Sofia"]
[Black "Johnson, Ben"]
[Result "1-0"]
[WhiteElo "2062"]
[BlackElo "1961"]
[PlyCount "67"]
[EventDate "2023.07.11"]
[EventType "swiss (blitz)"]
[EventRounds "11"]
[EventCountry "USA"]
[SourceTitle "EXT 2024"]
[Source "ChessBase"]
[SourceDate "2023.10.10"]
[SourceVersion "1"]
[SourceVersionDate "2023.10.10"]
[SourceQuality "1"]

1. e4 c5 2. Nf3 g6 3. d4 cxd4 4. Nxd4 Nf6 5. Nc3 Nc6 6. Be3 Bg7 7. Nb3 a5 8. Na4 d6 9. Nb6 Rb8 10. f3 0-0 11. Nxc8 Qxc8 12. a4 Ne5 13. Nxa5 b6 14. Nb3 Nc4 15. Bxc4 Qxc4 16. Qd3 Qc6 17. Nd4 Qd7 18. 0-0 Rfc8 19. Rfc1 Nh5 20. c3 Be5 21. Qb5 Qb7 22. g3 Ng7 23. Rcb1 h5 24. a5 Rc5 25. a6 Rxb5 26. axb7 Rc5 27. Ra8 d5 28. f4 Bc7 29. Rba1 Kh7 30. Rxb8 Bxb8 31. Ra8 Bc7 32. Rc8 dxe4 33. Rxc7 Rxc7 34. b8Q 1-0

[Event "Titled Tuesday intern op 11th Jul Early"]
[Site "Chess.com INT"]
[Date "2023.07.11"]
[Round "11"]
[White "Johnson, Ben"]
[Black "Palacio, Igor Da Paz"]
[Result "1-0"]
[WhiteElo "1961"]
[BlackElo "2172"]
[PlyCount "63"]
[EventDate "2023.07.11"]
[EventType "swiss (blitz)"]
[EventRounds "11"]
[EventCountry "USA"]
[SourceTitle "EXT 2024"]
[Source "ChessBase"]
[SourceDate "2023.10.10"]
[SourceVersion "1"]
[SourceVersionDate "2023.10.10"]
[SourceQuality "1"]

1. Nf3 Nf6 2. c4 g6 3. b3 Bg7 4. Bb2 0-0 5. g3 b6 6. Bg2 Bb7 7. 0-0 c5 8. d4 cxd4 9. Qxd4 Nc6 10. Qh4 h6 11. Qf4 d6 12. Nc3 Kh7 13. Rad1 a6 14. e4 Qc8 15. Rd2 Qg4 16. Re1 Qxf4 17. gxf4 Nh5 18. Ne2 Bxb2 19. Rxb2 Nb4 20. Rd2 Kg7 21. Nfd4 Rfd8 22. a3 Nc6 23. Nxc6 Bxc6 24. Bf3 Nf6 25. Nd4 Bd7 26. e5 Nh5 27. Bxa8 Rxa8 28. exd6 e6 29. Ne2 Bc6 30. b4 Rd8 31. c5 Nf6 32. Nd4 1-0

[Event "Titled Tuesday intern op 7th Mar Early"]
[Site "Chess.com INT"]
[Date "2023.03.07"]
[Round "9"]
[White "Zaichenko, Daria"]
[Black "Johnson, Ben"]
[Result "1/2-1/2"]
[WhiteElo "2104"]
[BlackElo "1972"]
[PlyCount "64"]
[EventDate "2023.03.07"]
[EventType "swiss (blitz)"]
[EventRounds "11"]
[EventCountry "USA"]
[SourceTitle "EXT 2024"]
[Source "ChessBase"]
[SourceDate "2023.10.10"]
[SourceVersion "1"]
[SourceVersionDate "2023.10.10"]
[SourceQuality "1"]

1. e4 c5 2. Nf3 Nc6 3. d4 cxd4 4. Nxd4 g6 5. c4 Bg7 6. Be3 Nf6 7. Nc3 0-0 8. Bd3 Ng4 9. Qxg4 Nxd4 10. Bxd4 Bxd4 11. 0-0 Bxc3 12. bxc3 d6 13. Qh4 Be6 14. Rad1 Qa5 15. Qxe7 Qc5 16. Qxb7 Rab8 17. Qe7 Rb2 18. Rde1 Rd2 19. Re3 Bxc4 20. Bxc4 Qxc4 21. Qxa7 Rxa2 22. Qe7 Qc6 23. Rd3 Re8 24. Rxd6 Rxe7 25. Rxc6 Rxe4 26. g3 Rc2 27. Kg2 Kf8 28. Rc7 Re3 29. Rd1 Rexc3 30. Rxc3 Rxc3 31. Rd8+ Ke7 32. Rd4 h5 1/2-1/2